000 00391nam a22001217a 4500
082 _a220 PRO
100 _aALI,USMAN,ZULQARNAIN,DR SHAHZAD AMIN,KAMRAN AZIZ
_971761
245 _aPR-SOF-1203-BALL TRACKER AND POST-IMPACT PATH PREDICTOR
260 _aISLAMABAD
_bNUST COLLEGE OF EME
_c2012
650 _a DE-ELECT-30
_971762
700 _aSUPERVISOR Dr.SHAHZAB AMIN SHAIKH
_971763
942 _cCR
999 _c578105
_d578105